Districts of Gümüşhane (Gümüşhane'nin ilçeleri). - Statistics

General Stats
  • This quiz has been taken 46 times
  • The average score is 5 of 6
Answer Stats
Population (Nüfus) District (İlçe) % Correct
54.462 Merkez
95%
10.760 Torul
89%
11.913 Kürtün
84%
19.346 Şiran
84%
41.233 Kelkit
81%
6.830 Köse
78%
No matching quizzes found
Score Distribution
Percent of People with Each Score
Percentile by Number Answered
Your Score History
You have not taken this quiz